| 000 | 00631nam a22001937a 4500 | ||
|---|---|---|---|
| 999 |
_c16959 _d16959 |
||
| 003 | AR-CdUCM | ||
| 008 | 190506b ||||| |||| 00| 0 sap d | ||
| 040 |
_aMUNICIPALIDAD PROVINCIAL DEL CUSCO _cBIBLIOTECA MUNICIPAL DEL CUSCO |
||
| 082 |
_a985.61 / _bA58 |
||
| 100 |
_aAngles Vargas, Victor. _93228 |
||
| 245 |
_aHistoria del Cusco : _bCusco colonial / |
||
| 260 |
_aCusco : _bIndustrial gráfica, _c1983. |
||
| 300 |
_a620 páginas ; _c21 cm. |
||
| 505 | _aContenido :Historia del Cusco ... | ||
| 650 |
_aHistoria del Cusco. _91714 |
||
| 650 |
_aMaravilla del mundo. _924561 |
||
| 942 |
_2ddc _cLIBROS |
||
| 945 |
_arum _d2019-05-06 |
||